[Event "Condom 16th"]
[Site "Condom"]
[Date "2017.07.10"]
[Round "4"]
[White "Laurent Paoli, Pierre"]
[Black "Bissieres, Mathieu"]
[Result "1/2-1/2"]
[WhiteElo "2290"]
[BlackElo "2367"]
[PlyCount "64"]
[EventDate "2017.07.08"]
[EventType "tourn"]
[EventRounds "9"]
[EventCountry "FRA"]
[EventCategory "4"]
[SourceTitle "EXT 2018"]
[Source "ChessBase"]
[SourceDate "2017.10.13"]
[SourceVersion "1"]
[SourceVersionDate "2017.10.13"]
[SourceQuality "1"]

1. d4 g6 2. c4 Bg7 3. e4 d6 4. Nc3 Nd7 5. f4 e5 6. fxe5 dxe5 7. d5 Ngf6 8. Nf3 0-0 9. Bd3 c6 10. 0-0 cxd5 11. cxd5 b5 12. a3 a6 13. Kh1 Ne8 14. Bg5 f6 15. Be3 Nd6 16. b4 Bb7 17. Qe2 Rc8 18. Rfc1 h6 19. a4 f5 20. Nd2 fxe4 21. Ndxe4 Nxe4 22. Bxe4 bxa4 23. Qg4 Nf6 24. Qxg6 Nxe4 25. Qxe4 Qd7 26. Kg1 Rf7 27. h3 Kh8 28. Qh4 Rf6 29. Qe4 Qf7 30. Nxa4 Rxc1+ 31. Rxc1 Qxd5 32. Qxd5 Bxd5 1/2-1/2

[Event "Paris-ch op-A 87th"]
[Site "Paris"]
[Date "2012.07.11"]
[Round "5"]
[White "Bissieres, Mathieu"]
[Black "Guliyev, Namig"]
[Result "1/2-1/2"]
[WhiteElo "2346"]
[BlackElo "2539"]
[PlyCount "87"]
[EventDate "2012.07.07"]
[EventType "swiss"]
[EventRounds "9"]
[EventCountry "FRA"]
[SourceTitle "CBM 149 Extra"]
[Source "ChessBase"]
[SourceDate "2012.08.24"]
[SourceVersion "1"]
[SourceVersionDate "2012.08.24"]
[SourceQuality "1"]

1. e4 c5 2. Nf3 d6 3. d4 cxd4 4. Qxd4 a6 5. c4 Nc6 6. Qe3 Bg4 7. Be2 g6 8. 0-0 Bg7 9. Rd1 Qa5 10. Nc3 Nf6 11. Bd2 Bxf3 12. Nd5 Nxd5 13. cxd5 Qa4 14. Bxf3 Nd4 15. Bc3 Nxf3+ 16. Qxf3 Bxc3 17. Qxc3 0-0 18. Rd4 Qd7 19. Rc4 Rac8 20. Rc1 Rxc4 21. Qxc4 f5 22. Qc7 Qxc7 23. Rxc7 fxe4 24. Rxe7 Rc8 25. h4 Rc1+ 26. Kh2 Rc2 27. Rxb7 Rxf2 28. Rb6 a5 29. Rxd6 Rxb2 30. Re6 Rxa2 31. Rxe4 Rd2 32. Re5 a4 33. Re4 a3 34. Ra4 a2 35. d6 Kf7 36. d7 Ke7 37. Ra7 Kd8 38. Kg3 h5 39. Kh3 Rd3+ 40. Kh2 Rd4 41. Kh3 Rd2 42. Kg3 Ke7 43. Kh3 Rxd7 44. Rxa2 1/2-1/2

[Event "Paris-ch op-A 87th"]
[Site "Paris"]
[Date "2012.07.09"]
[Round "3"]
[White "Bissieres, Mathieu"]
[Black "Chabanon, Jean Luc"]
[Result "1-0"]
[WhiteElo "2346"]
[BlackElo "2481"]
[PlyCount "85"]
[EventDate "2012.07.07"]
[EventType "swiss"]
[EventRounds "9"]
[EventCountry "FRA"]
[SourceTitle "CBM 149 Extra"]
[Source "ChessBase"]
[SourceDate "2012.08.24"]
[SourceVersion "1"]
[SourceVersionDate "2012.08.24"]
[SourceQuality "1"]

1. e4 d6 2. d4 Nf6 3. Nc3 g6 4. Be3 c6 5. f3 b5 6. Qd2 Nbd7 7. g4 Nb6 8. b3 Qc7 9. Bd3 e5 10. Nge2 h5 11. g5 Nh7 12. a3 Be7 13. f4 exf4 14. Bxf4 0-0 15. h4 Bg4 16. Ng3 Qd7 17. e5 d5 18. Nd1 c5 19. Ne3 cxd4 20. Nxg4 Qxg4 21. Bxb5 Rac8 22. Be2 Qe6 23. Bd3 Bd6 24. 0-0 Bxe5 25. Rae1 Bxf4 26. Qxf4 Qg4 27. Qxg4 hxg4 28. Re7 a5 29. Rb7 Rb8 30. Rfxf7 Rxb7 31. Rxb7 Rf3 32. Ne2 Na8 33. Nxd4 Rf7 34. Rb5 Nc7 35. Rxa5 Nf8 36. Rc5 Kg7 37. Rc6 Re7 38. Kf2 Ne8 39. a4 Nd7 40. Bxg6 Ne5 41. Nf5+ Kf8 42. Nxe7 Kxe7 43. Bxe8 1-0

[Event "FRA-ch Accession"]
[Site "Caen"]
[Date "2011.08.27"]
[Round "11"]
[White "Bissieres, Mathieu"]
[Black "Tirard, Hugo"]
[Result "0-1"]
[WhiteElo "2352"]
[BlackElo "2470"]
[PlyCount "130"]
[EventDate "2011.08.16"]
[EventType "swiss"]
[EventRounds "11"]
[EventCountry "FRA"]
[SourceTitle "CBM 144 Extra"]
[Source "ChessBase"]
[SourceDate "2011.10.28"]
[SourceVersion "1"]
[SourceVersionDate "2011.10.28"]
[SourceQuality "1"]

1. e4 c5 2. Nf3 Nc6 3. Nc3 g6 4. d4 cxd4 5. Nxd4 Bg7 6. Be3 Nf6 7. Bc4 0-0 8. Bb3 d6 9. h3 Na5 10. 0-0 b6 11. Qd3 Bb7 12. Rad1 Rc8 13. Rfe1 Nxb3 14. Nxb3 Qc7 15. Bd4 Rfd8 16. Nd5 Nxd5 17. exd5 Be5 18. c3 Bxd5 19. Bxb6 Qxb6 20. Qxd5 e6 21. Qa5 Qxa5 22. Nxa5 Bf6 23. Re4 d5 24. Ra4 Rc7 25. f4 Rb8 26. Rd2 h5 27. Nb3 Kg7 28. Kf2 Rb6 29. Kf3 Rcb7 30. g4 hxg4+ 31. hxg4 g5 32. f5 Be5 33. Re2 Kf6 34. fxe6 fxe6 35. Nc5 Rc7 36. Nd3 Bd6 37. Ra5 Rh7 38. Rf2 Kg6 39. Ke2 Rhb7 40. Kd1 Rh7 41. Ke2 Rc6 42. Kd2 a6 43. Re2 Kf6 44. Rf2+ Ke7 45. Re2 Kd7 46. Ne5+ Bxe5 47. Rxe5 Rh2+ 48. Kd3 Rxb2 49. Rxg5 Rg2 50. Rg7+ Kd6 51. Ra7 Rxg4 52. R5xa6 Rg3+ 53. Kd2 Rgxc3 54. Rxc6+ Rxc6 55. a4 Kc5 56. Ra8 Kd4 57. a5 e5 58. a6 e4 59. a7 e3+ 60. Ke2 Rc2+ 61. Kf3 Rf2+ 62. Kg3 Rf7 63. Kg2 Rd7 64. Kf1 Kd3 65. Ke1 Rc7 0-1

[Event "FRA-ch Accession"]
[Site "Caen"]
[Date "2011.08.25"]
[Round "9"]
[White "Bissieres, Mathieu"]
[Black "Saada, Julien"]
[Result "1/2-1/2"]
[WhiteElo "2352"]
[BlackElo "2310"]
[PlyCount "84"]
[EventDate "2011.08.16"]
[EventType "swiss"]
[EventRounds "11"]
[EventCountry "FRA"]
[SourceTitle "CBM 144 Extra"]
[Source "ChessBase"]
[SourceDate "2011.10.28"]
[SourceVersion "1"]
[SourceVersionDate "2011.10.28"]
[SourceQuality "1"]

1. e4 c6 2. d4 d5 3. Nc3 dxe4 4. Nxe4 Bf5 5. Ng3 Bg6 6. h4 h6 7. Nf3 Nd7 8. h5 Bh7 9. Bd3 Bxd3 10. Qxd3 Qc7 11. Bd2 Ngf6 12. Ne4 e6 13. 0-0-0 0-0-0 14. g3 Nxe4 15. Qxe4 Nf6 16. Qe2 Bd6 17. c4 c5 18. Bc3 cxd4 19. Nxd4 a6 20. Kb1 Kb8 21. Nb3 Qc6 22. Na5 Qb6 23. Qf3 Be7 24. a3 Ka8 25. b4 Rxd1+ 26. Rxd1 Rd8 27. Rxd8+ Bxd8 28. Bd4 Qc7 29. c5 Nd5 30. Bxg7 f6 31. Qg4 Qe5 32. Bxh6 Bxa5 33. bxa5 Qe1+ 34. Bc1 Qxf2 35. Bb2 Qe1+ 36. Ka2 Nc3+ 37. Bxc3 Qxc3 38. Qd1 Qc4+ 39. Kb2 Qb5+ 40. Ka1 Qxa5 41. Qc1 Qd8 42. h6 Qd3 1/2-1/2

[Event "FRA-ch Accession"]
[Site "Caen"]
[Date "2011.08.21"]
[Round "6"]
[White "Mancini, Mario"]
[Black "Bissieres, Mathieu"]
[Result "0-1"]
[WhiteElo "2213"]
[BlackElo "2352"]
[PlyCount "82"]
[EventDate "2011.08.16"]
[EventType "swiss"]
[EventRounds "11"]
[EventCountry "FRA"]
[SourceTitle "CBM 144 Extra"]
[Source "ChessBase"]
[SourceDate "2011.10.28"]
[SourceVersion "1"]
[SourceVersionDate "2011.10.28"]
[SourceQuality "1"]

1. d4 Nf6 2. c4 g6 3. g3 Bg7 4. Bg2 0-0 5. Nc3 d6 6. Nf3 Nbd7 7. 0-0 e5 8. e4 exd4 9. Nxd4 Re8 10. h3 a6 11. Be3 Rb8 12. Qc2 c5 13. Nde2 b5 14. Rad1 b4 15. Nd5 Nxd5 16. cxd5 a5 17. Rfe1 Ba6 18. b3 Rc8 19. Qb1 a4 20. Kh2 axb3 21. axb3 Qf6 22. f4 Qb2 23. Qxb2 Bxb2 24. Rd2 Bg7 25. Bf2 f5 26. exf5 gxf5 27. Nc1 Rxe1 28. Bxe1 Re8 29. Bf2 c4 30. Ra2 cxb3 31. Nxb3 Bc4 32. Ra7 Bxb3 33. Rxd7 Bc2 34. Rxd6 b3 35. Re6 Kf7 36. Rxe8 Kxe8 37. Bf1 b2 38. Bb5+ Kf7 39. d6 b1Q 40. d7 Be4 41. Bc4+ Ke7 0-1

[Event "FRA-ch Accession"]
[Site "Caen"]
[Date "2011.08.19"]
[Round "4"]
[White "Brethes, Francois"]
[Black "Bissieres, Mathieu"]
[Result "1/2-1/2"]
[WhiteElo "2213"]
[BlackElo "2352"]
[PlyCount "96"]
[EventDate "2011.08.16"]
[EventType "swiss"]
[EventRounds "11"]
[EventCountry "FRA"]
[SourceTitle "CBM 144 Extra"]
[Source "ChessBase"]
[SourceDate "2011.10.28"]
[SourceVersion "1"]
[SourceVersionDate "2011.10.28"]
[SourceQuality "1"]

1. c4 e5 2. Nc3 Nf6 3. g3 d6 4. Bg2 g6 5. d3 Bg7 6. e3 0-0 7. Nge2 c6 8. e4 Be6 9. 0-0 Na6 10. h3 Qd7 11. g4 d5 12. exd5 cxd5 13. g5 Nh5 14. Nxd5 Bxh3 15. Ng3 Bxg2 16. Kxg2 Nxg3 17. fxg3 Nc7 18. Nf6+ Bxf6 19. gxf6 Rfd8 20. Be3 Qxd3 21. Qf3 Ne6 22. b3 e4 23. Qf2 b6 24. Rae1 Qc3 25. g4 Qe5 26. Rh1 h5 27. gxh5 g5 28. Qg3 Qxf6 29. Rhf1 Qg7 30. Qg4 Rd3 31. Qxe4 Rad8 32. Kh2 Qh6 33. Qg4 R3d4 34. Bxd4 Rxd4 35. Re4 Rxe4 36. Qxe4 Qxh5+ 37. Kg3 Qh8 38. Rh1 Qc3+ 39. Kg4 Qd2 40. Qa8+ Nd8 41. Qe4 Ne6 42. Rh6 Qf2 43. Qa8+ Nf8 44. Rh8+ Kxh8 45. Qxf8+ Kh7 46. Kxg5 Qe3+ 47. Kf5 Qe6+ 48. Kf4 a5 1/2-1/2

[Event "Saint Affrique op 19th"]
[Site "Saint Affrique"]
[Date "2011.07.29"]
[Round "7"]
[White "Bissieres, Mathieu"]
[Black "Weill, Roland"]
[Result "1-0"]
[WhiteElo "2352"]
[BlackElo "2202"]
[PlyCount "97"]
[EventDate "2011.07.23"]
[EventType "swiss"]
[EventRounds "9"]
[EventCountry "FRA"]
[SourceTitle "CBM 143 Extra"]
[Source "ChessBase"]
[SourceDate "2011.08.29"]
[SourceVersion "1"]
[SourceVersionDate "2011.08.29"]
[SourceQuality "1"]

1. d4 Nf6 2. Nc3 d5 3. Bg5 Nbd7 4. Qd3 e6 5. e4 dxe4 6. Nxe4 Be7 7. Nxf6+ Bxf6 8. Bd2 c5 9. Bc3 cxd4 10. Bxd4 Qa5+ 11. c3 0-0 12. Bxf6 Nxf6 13. Qb5 Qc7 14. Nf3 Bd7 15. Qe5 Qb6 16. Rb1 Bc6 17. Qe3 Be4 18. Qxb6 axb6 19. Ra1 Bxf3 20. gxf3 Nd5 21. Kd2 Rfd8 22. Kc2 Rac8 23. a3 Nf4 24. Rd1 Kf8 25. Rxd8+ Rxd8 26. Bc4 Ke7 27. Re1 Kf6 28. Re4 g5 29. Bf1 h5 30. a4 h4 31. Rb4 Rd6 32. a5 bxa5 33. Rxb7 h3 34. c4 Ng2 35. Ra7 Ne1+ 36. Kc3 Nxf3 37. Bxh3 Nxh2 38. Rxa5 Nf3 39. Bg4 Nd2 40. f3 Kg6 41. c5 Rd8 42. Ra6 Kg7 43. Rd6 Rc8 44. Kxd2 Rxc5 45. Bh5 Rc4 46. Rd7 Rf4 47. Rxf7+ Rxf7 48. Bxf7 Kxf7 49. Ke3 1-0

[Event "Saint Affrique op 19th"]
[Site "Saint Affrique"]
[Date "2011.07.26"]
[Round "5"]
[White "Bissieres, Mathieu"]
[Black "Youssoupov, Moisse"]
[Result "1-0"]
[WhiteElo "2352"]
[BlackElo "2139"]
[PlyCount "75"]
[EventDate "2011.07.23"]
[EventType "swiss"]
[EventRounds "9"]
[EventCountry "FRA"]
[SourceTitle "CBM 143 Extra"]
[Source "ChessBase"]
[SourceDate "2011.08.29"]
[SourceVersion "1"]
[SourceVersionDate "2011.08.29"]
[SourceQuality "1"]

1. e4 d5 2. exd5 Qxd5 3. Nc3 Qa5 4. Bc4 Nf6 5. d3 Bg4 6. Nge2 c6 7. 0-0 e6 8. f3 Qb6+ 9. Kh1 Bf5 10. Ng3 Bg6 11. Qe2 Nbd7 12. f4 0-0-0 13. Be3 Qxb2 14. Nce4 Bxe4 15. dxe4 Bc5 16. Rab1 Qa3 17. Bc1 Qa5 18. Bd2 Qc7 19. e5 Nd5 20. Ne4 Be7 21. a4 Nc5 22. Nxc5 Bxc5 23. a5 Rd7 24. Rb3 Qd8 25. Rfb1 Kb8 26. Bd3 Ka8 27. Qf3 Rc7 28. Be4 Qc8 29. f5 exf5 30. Bxf5 Qe8 31. c4 Ne7 32. Be4 Qd7 33. Bg5 Qe6 34. Bxe7 Qxe7 35. Rxb7 Rxb7 36. Bxc6 Rhb8 37. a6 Bb6 38. c5 1-0

[Event "Paris-ch op-A 86th"]
[Site "Paris"]
[Date "2011.07.09"]
[Round "8"]
[White "Fitzsimons, David"]
[Black "Bissieres, Mathieu"]
[Result "1-0"]
[WhiteElo "2251"]
[BlackElo "2352"]
[PlyCount "121"]
[EventDate "2011.07.02"]
[EventType "swiss"]
[EventRounds "9"]
[EventCountry "FRA"]
[SourceTitle "CBM 143 Extra"]
[Source "ChessBase"]
[SourceDate "2011.08.29"]
[SourceVersion "1"]
[SourceVersionDate "2011.08.29"]
[SourceQuality "1"]

1. d4 c5 2. d5 Nf6 3. c4 e5 4. Nc3 d6 5. e4 Be7 6. Nf3 Nbd7 7. h3 h5 8. g3 a6 9. a3 Kf8 10. Be3 g6 11. Qc2 Kg7 12. Be2 Rb8 13. Kf1 Nh7 14. Kg2 Ndf6 15. b4 b6 16. Rab1 Bd7 17. Ne1 Ng8 18. f4 h4 19. g4 exf4 20. Bxf4 Rc8 21. bxc5 bxc5 22. Nf3 g5 23. Bh2 f6 24. Na4 Be8 25. Rb7 Nh6 26. Rhb1 Rc7 27. R7b6 Bg6 28. Nc3 Qd7 29. Rxa6 Re8 30. Nd2 Ra7 31. Rxa7 Qxa7 32. Qa4 Qxa4 33. Nxa4 Ra8 34. Rb7 Kf8 35. Nb6 Rxa3 36. Nc8 Re3 37. Bf3 Bd8 38. Bxd6+ Kg8 39. Kf2 Rc3 40. Bxc5 Nf7 41. Bd4 Rd3 42. Be3 Ne5 43. Be2 Ra3 44. c5 Kf8 45. c6 Rc3 46. Nb1 Rc2 47. Na3 Ra2 48. Bc5+ Kg8 49. Ne7+ Kf7 50. Nf5+ Kg8 51. Rb8 Bxf5 52. Rxd8+ Kg7 53. exf5 Nd3+ 54. Ke3 Nxc5 55. c7 Rxa3+ 56. Kd4 Nb3+ 57. Kc3 Nc1+ 58. Kb2 Rb3+ 59. Kc2 Nxe2 60. Kxb3 Nd4+ 61. Kc4 1-0

[Event "Paris-ch op-A 86th"]
[Site "Paris"]
[Date "2011.07.08"]
[Round "7"]
[White "Bissieres, Mathieu"]
[Black "Kalegin, Evgenij"]
[Result "0-1"]
[WhiteElo "2352"]
[BlackElo "2477"]
[PlyCount "70"]
[EventDate "2011.07.02"]
[EventType "swiss"]
[EventRounds "9"]
[EventCountry "FRA"]
[SourceTitle "CBM 143 Extra"]
[Source "ChessBase"]
[SourceDate "2011.08.29"]
[SourceVersion "1"]
[SourceVersionDate "2011.08.29"]
[SourceQuality "1"]

1. e4 c5 2. Nf3 e6 3. d4 cxd4 4. Nxd4 a6 5. Nc3 Qc7 6. f4 b5 7. Bd3 Bb7 8. Bd2 Nc6 9. Nb3 d6 10. Qf3 Nf6 11. 0-0-0 d5 12. e5 Nd7 13. Kb1 Nb6 14. Qf2 Nc4 15. Bc1 Rc8 16. Rhf1 g6 17. g4 Bg7 18. h4 Qb6 19. Qxb6 Nxb6 20. Nc5 Rb8 21. a4 Nxa4 22. N3xa4 bxa4 23. Nxa4 Bf8 24. Be3 Bc8 25. b3 Nb4 26. Be2 Bd7 27. Nb6 Bb5 28. c4 dxc4 29. bxc4 Bc6 30. Rd2 Be7 31. Rb2 0-0 32. Rd1 a5 33. Nd7 Be4+ 34. Kc1 Na2+ 35. Rxa2 Rb1+ 0-1

[Event "FRA-chT2 1011"]
[Site "France"]
[Date "2010.10.17"]
[Round "1.2"]
[White "Fantin, Ludwig"]
[Black "Bissieres, Mathieu"]
[Result "0-1"]
[WhiteElo "2272"]
[BlackElo "2338"]
[PlyCount "62"]
[EventDate "2010.10.17"]
[EventType "team-tourn"]
[EventRounds "11"]
[EventCountry "FRA"]
[SourceTitle "EXT 2012"]
[Source "ChessBase"]
[SourceDate "2011.11.24"]
[SourceVersion "1"]
[SourceVersionDate "2011.11.24"]
[SourceQuality "1"]

1. e4 c5 2. Nf3 d6 3. d4 cxd4 4. Nxd4 Nf6 5. Nc3 a6 6. Be2 g6 7. 0-0 Bg7 8. f4 0-0 9. Kh1 b5 10. Bf3 Ra7 11. Be3 Rd7 12. Qe1 e5 13. Nde2 Bb7 14. a3 d5 15. exd5 e4 16. Nxe4 Nxe4 17. Bxe4 Re7 18. Ng3 Rxe4 19. Nxe4 Qxd5 20. Qf2 Qxe4 21. Rae1 Qf5 22. c3 Nd7 23. Bd4 Nf6 24. Re7 Bd5 25. Ra7 Ng4 26. Qd2 Bxd4 27. Qxd4 Qh5 28. Qg1 Re8 29. Rd7 Re2 30. Rd8+ Kg7 31. Qd4+ Kh6 0-1

[Event "Condom"]
[Site "Condom"]
[Date "2010.07.15"]
[Round "6"]
[White "Tournier, Mathieu"]
[Black "Bissieres, Mathieu"]
[Result "1/2-1/2"]
[WhiteElo "2281"]
[BlackElo "2344"]
[PlyCount "49"]
[EventDate "2010.07.??"]
[EventType "tourn"]
[EventRounds "9"]
[EventCountry "FRA"]
[SourceTitle "EXT 2011"]
[Source "ChessBase"]
[SourceDate "2010.11.26"]
[SourceVersion "1"]
[SourceVersionDate "2010.11.26"]
[SourceQuality "1"]

1. e4 e6 2. d4 d5 3. Nc3 Bb4 4. Nge2 dxe4 5. a3 Be7 6. Nxe4 Nf6 7. Qd3 Nxe4 8. Qxe4 Nd7 9. g3 Nf6 10. Qf3 Qd5 11. Bg2 Bd7 12. Nf4 Qxf3 13. Bxf3 0-0-0 14. 0-0 Bb5 15. Rd1 g5 16. Ne2 g4 17. Nc3 Ba6 18. Bg2 h5 19. Bg5 Nd5 20. Bxe7 Nxe7 21. Ne4 b6 22. Ng5 Rdf8 23. a4 h4 24. a5 Bb7 25. axb6 1/2-1/2

[Event "Marrakesh op 1st"]
[Site "Marrakesh"]
[Date "2010.06.28"]
[Round "4"]
[White "Chorfi, Khaled"]
[Black "Bissieres, Mathieu"]
[Result "1/2-1/2"]
[WhiteElo "2174"]
[BlackElo "2341"]
[PlyCount "59"]
[EventDate "2010.06.26"]
[EventType "swiss"]
[EventRounds "9"]
[EventCountry "MAR"]
[SourceTitle "CBM 137 Extra"]
[Source "ChessBase"]
[SourceDate "2010.09.01"]
[SourceVersion "1"]
[SourceVersionDate "2010.09.01"]
[SourceQuality "1"]

1. e4 d6 2. d4 Nf6 3. Nc3 Nbd7 4. Nf3 e5 5. Bc4 Be7 6. dxe5 dxe5 7. 0-0 0-0 8. Qe2 c6 9. Rd1 b5 10. Bb3 Qc7 11. a3 a5 12. a4 b4 13. Nb1 Nc5 14. Nbd2 Bg4 15. h3 Bh5 16. Re1 Rad8 17. g4 Bg6 18. Nh4 Bxe4 19. g5 Rxd2 20. Bxd2 Nfd7 21. Qg4 Nxb3 22. cxb3 Bd5 23. Nf5 Nc5 24. Be3 Nxb3 25. Rad1 f6 26. g6 Bc5 27. gxh7+ Kxh7 28. Qh5+ Kg8 29. Qg6 Rb8 30. Qh5 1/2-1/2

[Event "Marrakesh op 1st"]
[Site "Marrakesh"]
[Date "2010.06.26"]
[Round "2"]
[White "Malakhatko, Vadim"]
[Black "Bissieres, Mathieu"]
[Result "1/2-1/2"]
[WhiteElo "2569"]
[BlackElo "2341"]
[PlyCount "78"]
[EventDate "2010.06.26"]
[EventType "swiss"]
[EventRounds "9"]
[EventCountry "MAR"]
[SourceTitle "CBM 137 Extra"]
[Source "ChessBase"]
[SourceDate "2010.09.01"]
[SourceVersion "1"]
[SourceVersionDate "2010.09.01"]
[SourceQuality "1"]

1. d4 Nf6 2. Nf3 g6 3. Bg5 Bg7 4. c3 b6 5. e3 Bb7 6. Nbd2 c5 7. Bd3 0-0 8. 0-0 d5 9. Qc2 Nc6 10. Rad1 Rc8 11. Qb1 Nd7 12. Rfe1 c4 13. Bf1 f5 14. b3 cxb3 15. axb3 h6 16. Bh4 g5 17. Bg3 e5 18. dxe5 Ncxe5 19. Bxe5 Nxe5 20. c4 Qe7 21. cxd5 Bxd5 22. Nxe5 Qxe5 23. Bc4 Rfd8 24. Nf3 Qe6 25. Rxd5 Rxd5 26. h4 Rxc4 27. bxc4 Ra5 28. hxg5 hxg5 29. Nxg5 Qxc4 30. Qd1 Bf6 31. Qh5 Bxg5 32. Qxg5+ Kf7 33. e4 Re5 34. Re3 Ke8 35. Rh3 Qxe4 36. Rh8+ Kd7 37. Qd8+ Kc6 38. Qa8+ Kb5 39. Qxa7 Qd4 1/2-1/2

[Event "FRA-ch Accession"]
[Site "Nimes"]
[Date "2009.08.20"]
[Round "9"]
[White "Saada, Julien"]
[Black "Bissieres, Mathieu"]
[Result "1/2-1/2"]
[WhiteElo "2289"]
[BlackElo "2300"]
[PlyCount "50"]
[EventDate "2009.08.11"]
[EventType "swiss"]
[EventRounds "9"]
[EventCountry "FRA"]
[SourceTitle "CBM 132 Extra"]
[Source "ChessBase"]
[SourceDate "2009.11.03"]
[SourceVersion "1"]
[SourceVersionDate "2009.11.03"]
[SourceQuality "1"]

1. d4 Nf6 2. Bg5 Ne4 3. Bf4 c5 4. f3 Qa5+ 5. c3 Nf6 6. d5 Qb6 7. Bc1 e6 8. c4 exd5 9. cxd5 c4 10. e3 Bc5 11. Kf2 0-0 12. Bxc4 Re8 13. Qb3 Qd6 14. Ne2 b5 15. Bxb5 Bb7 16. Bc4 Bxd5 17. Bxd5 Qxd5 18. Qxd5 Nxd5 19. Nd4 Nc6 20. Rd1 Rab8 21. Nc2 Re5 22. Nba3 Nb6 23. Bd2 Nd5 24. Nc4 Rh5 25. h3 Nf4 1/2-1/2

[Event "FRA-ch Accession"]
[Site "Nimes"]
[Date "2009.08.16"]
[Round "6"]
[White "Bissieres, Mathieu"]
[Black "Ollier, Pablo"]
[Result "1/2-1/2"]
[WhiteElo "2300"]
[BlackElo "2226"]
[PlyCount "79"]
[EventDate "2009.08.11"]
[EventType "swiss"]
[EventRounds "9"]
[EventCountry "FRA"]
[SourceTitle "CBM 132 Extra"]
[Source "ChessBase"]
[SourceDate "2009.11.03"]
[SourceVersion "1"]
[SourceVersionDate "2009.11.03"]
[SourceQuality "1"]

1. e4 e6 2. d4 d5 3. Nd2 Nf6 4. e5 Nfd7 5. f4 c5 6. c3 Nc6 7. Ndf3 cxd4 8. cxd4 Qb6 9. g3 Bb4+ 10. Kf2 g5 11. fxg5 Ndxe5 12. Nxe5 Nxe5 13. Kg2 Nc6 14. Nf3 Bf8 15. b3 Bg7 16. Bb2 h6 17. gxh6 Bxh6 18. Ne5 Nxe5 19. dxe5 Be3 20. Be2 Bd7 21. Rf1 Bc6 22. h4 d4+ 23. Kh3 Qc5 24. Bf3 Bb5 25. Re1 Ba6 26. Be4 Bd2 27. Qf3 Bxe1 28. Rxe1 Rd8 29. Qf6 Rf8 30. Rc1 Qe7 31. Qxe7+ Kxe7 32. Ba3+ Ke8 33. Bxf8 Kxf8 34. Rd1 f5 35. exf6 Kf7 36. g4 Kxf6 37. g5+ Ke5 38. Re1 Kf4 39. Bc2 d3 40. Bd1 1/2-1/2

[Event "FRA-ch Accession"]
[Site "Nimes"]
[Date "2009.08.14"]
[Round "4"]
[White "Bissieres, Mathieu"]
[Black "Bonn, Thomas"]
[Result "1/2-1/2"]
[WhiteElo "2300"]
[BlackElo "2225"]
[PlyCount "65"]
[EventDate "2009.08.11"]
[EventType "swiss"]
[EventRounds "9"]
[EventCountry "FRA"]
[SourceTitle "CBM 132 Extra"]
[Source "ChessBase"]
[SourceDate "2009.11.03"]
[SourceVersion "1"]
[SourceVersionDate "2009.11.03"]
[SourceQuality "1"]

1. e4 c5 2. Nf3 Nc6 3. Nc3 g6 4. d4 cxd4 5. Nxd4 Bg7 6. Be3 Nf6 7. h3 0-0 8. Nb3 d6 9. Be2 Bd7 10. 0-0 Rc8 11. f4 a6 12. Qe1 Nb4 13. Bd3 Be6 14. Nd4 Bc4 15. Bxc4 Rxc4 16. Qe2 Rc8 17. Rad1 Qc7 18. Qf2 Nc6 19. Nf3 b5 20. a3 b4 21. axb4 Nxb4 22. Bd4 Qb7 23. Bxf6 Bxf6 24. e5 Bg7 25. Rfe1 Nc6 26. exd6 exd6 27. Ne4 Qxb2 28. Nxd6 Rb8 29. f5 Qb6 30. Qxb6 Rxb6 31. fxg6 fxg6 32. Ne8 Rb1 33. c4 1/2-1/2

[Event "FRA-ch Accession"]
[Site "Nimes"]
[Date "2009.08.11"]
[Round "1"]
[White "Nass, Emile"]
[Black "Bissieres, Mathieu"]
[Result "0-1"]
[WhiteElo "2186"]
[BlackElo "2300"]
[PlyCount "54"]
[EventDate "2009.08.11"]
[EventType "swiss"]
[EventRounds "9"]
[EventCountry "FRA"]
[SourceTitle "CBM 132 Extra"]
[Source "ChessBase"]
[SourceDate "2009.11.03"]
[SourceVersion "1"]
[SourceVersionDate "2009.11.03"]
[SourceQuality "1"]

1. d4 Nf6 2. Nf3 g6 3. g3 Bg7 4. Bg2 d6 5. 0-0 0-0 6. c4 Nbd7 7. Nc3 e5 8. e4 Re8 9. d5 Nc5 10. Ne1 a5 11. Nd3 Nfd7 12. Be3 Nxd3 13. Qxd3 Nc5 14. Qd2 b6 15. Rae1 Bd7 16. f4 exf4 17. gxf4 Bxc3 18. Qxc3 Nxe4 19. Bxe4 Rxe4 20. Bd4 f5 21. Rxe4 fxe4 22. Qe3 Qe7 23. Bc3 h5 24. Qd4 Kh7 25. b3 Rf8 26. Re1 Bf5 27. Kf1 g5 0-1

[Event "Saint Affrique op 17th"]
[Site "Saint Affrique"]
[Date "2009.07.24"]
[Round "8"]
[White "Bissieres, Mathieu"]
[Black "Garrido, Denis"]
[Result "1-0"]
[WhiteElo "2300"]
[BlackElo "2321"]
[PlyCount "63"]
[EventDate "2009.07.18"]
[EventType "swiss"]
[EventRounds "9"]
[EventCountry "FRA"]
[SourceTitle "EXT 2010"]
[Source "ChessBase"]
[SourceDate "2010.11.25"]
[SourceVersion "1"]
[SourceVersionDate "2010.11.25"]
[SourceQuality "1"]

1. e4 g6 2. d4 Bg7 3. Nc3 c5 4. Be3 cxd4 5. Bxd4 Nf6 6. Nd5 0-0 7. Nf3 Nc6 8. Bxf6 exf6 9. Be2 Re8 10. Qd3 d6 11. 0-0-0 f5 12. exf5 Bxf5 13. Qd2 Rc8 14. Rhe1 Ne5 15. Nd4 Be4 16. Nc3 Bxg2 17. Ndb5 Qh4 18. Kb1 Red8 19. Nxd6 Rb8 20. Qe3 Qxh2 21. f4 Nc6 22. Bc4 Rxd6 23. Rxd6 Qh3 24. Qd2 Qh4 25. Rd7 Rf8 26. a3 Bh3 27. Rxb7 Bh6 28. Rh1 Na5 29. Rb4 Nxc4 30. Rxc4 Re8 31. Nd5 Bg7 32. Rc3 1-0

[Event "Saint Affrique op 17th"]
[Site "Saint Affrique"]
[Date "2009.07.22"]
[Round "6"]
[White "Bourges, Jerome"]
[Black "Bissieres, Mathieu"]
[Result "0-1"]
[WhiteElo "2078"]
[BlackElo "2300"]
[PlyCount "60"]
[EventDate "2009.07.18"]
[EventType "swiss"]
[EventRounds "9"]
[EventCountry "FRA"]
[SourceTitle "EXT 2010"]
[Source "ChessBase"]
[SourceDate "2010.11.25"]
[SourceVersion "1"]
[SourceVersionDate "2010.11.25"]
[SourceQuality "1"]

1. d4 Nf6 2. c4 Nc6 3. Nf3 d6 4. Nc3 e5 5. d5 Ne7 6. e4 g6 7. Be2 Bg7 8. 0-0 0-0 9. b4 Nh5 10. Re1 f5 11. Ng5 Nf6 12. f3 a5 13. bxa5 Rxa5 14. Rb1 b6 15. a4 Ne8 16. Rb5 Ra8 17. a5 bxa5 18. Qb3 fxe4 19. fxe4 h6 20. Ne6 Bxe6 21. dxe6 Nc6 22. Be3 Nd4 23. Bxd4 exd4 24. Nd5 Qh4 25. Rf1 Rxf1+ 26. Bxf1 Kh7 27. Rb8 d3 28. Qb5 Rxb8 29. Qxb8 Bd4+ 30. Kh1 Qf2 0-1

[Event "Saint Affrique op 17th"]
[Site "Saint Affrique"]
[Date "2009.07.20"]
[Round "4"]
[White "Petkov, Vladimir"]
[Black "Bissieres, Mathieu"]
[Result "1-0"]
[WhiteElo "2429"]
[BlackElo "2300"]
[PlyCount "55"]
[EventDate "2009.07.18"]
[EventType "swiss"]
[EventRounds "9"]
[EventCountry "FRA"]
[SourceTitle "EXT 2010"]
[Source "ChessBase"]
[SourceDate "2010.11.25"]
[SourceVersion "1"]
[SourceVersionDate "2010.11.25"]
[SourceQuality "1"]

1. d4 Nf6 2. c4 g6 3. Nc3 Bg7 4. e4 d6 5. Nf3 0-0 6. h3 Nbd7 7. Bg5 e5 8. d5 a5 9. Bd3 Nc5 10. Bc2 h6 11. Be3 Nh5 12. Qd2 Nf4 13. Rh2 Qf6 14. Ng1 g5 15. g3 Ng6 16. 0-0-0 Bd7 17. Nge2 Qe7 18. h4 f6 19. Kb1 Bg4 20. Rf1 gxh4 21. f3 Bd7 22. gxh4 f5 23. exf5 Nxh4 24. Bxh6 Nxf5 25. Bxg7 Nxg7 26. Rg1 Bf5 27. Bxf5 Rxf5 28. Qh6 1-0